00485nam a2200169Ia 4500003000900000008004100009020001800050040001600068080001300084100001700097245008100114260003400195300001400229650004100243650001900284650001200303IN-BaIIA211028s9999 xx 000 0 eng d a0-216-91783-2 cIIA Library a533bCAI aCairns, R. A 0aPlasma physicscR. A. Cairns  aGlasgowbBlackie & Sonsc1985 aix, 193p. aAstronomy and astrophysics thesaurus aPlasma physics aPlasmas